La hermana San Sulpicio (Record no. 188317)
[ view plain ]
| 000 -LEADER | |
|---|---|
| campo de control de longitud fija | 00728nam a2200193 i 4500 |
| 001 - NÚMERO DE CONTROL | |
| campo de control | 188317 |
| 003 - IDENTIFICADOR DE NÚMERO DE CONTROL | |
| campo de control | SpMaBN |
| 005 - FECHA Y HORA DE LA ÚLTIMA TRANSACCIÓN | |
| campo de control | 20240521100454.0 |
| 008 - DATOS DE LONGITUD FIJA--INFORMACIÓN GENERAL | |
| campo de control de longitud fija | 180807q1940 sp |||| | spa d |
| 100 1# - ENTRADA PRINCIPAL--NOMBRE DE PERSONA | |
| Nombre de persona | Palacio Valdés, Armando, |
| Fechas asociadas al nombre | 1853-1938 |
| 9 (RLIN) | 88382 |
| 245 13 - MENCIÓN DEL TÍTULO | |
| Título | La hermana San Sulpicio |
| Resto del título | : novela. |
| 260 ## - PUBLICACIÓN, DISTRIBUCIÓN, ETC. | |
| Lugar de publicación, distribución, etc. | Madrid : |
| Nombre del editor, distribuidor, etc. | Pueyo, |
| Fecha de publicación, distribución, etc. | [ca. 1940] ( |
| Fabricante | Imp. Helénica) |
| 300 ## - DESCRIPCIÓN FÍSICA | |
| Extensión | 334 p. ; |
| Dimensiones | 20 cm. |
| 490 1# - MENCIÓN DE SERIE | |
| Mención de serie | Nueva edición de obras completas de Don Armando Palacio Valdés ; |
| Designación de volumen o secuencia | 3 |
| 800 ## - PUNTO DE ACCESO ADICIONAL DE SERIE--NOMBRE DE PERSONA | |
| Nombre de persona | Palacio Valdés, Armando, |
| Fechas asociadas al nombre | 1853-1938. |
| Título de la obra | Obras. Nueva Edición ; |
| 9 (RLIN) | 236489 |
| Designación de volumen o secuencia | 3 |
| 852 ## - LOCALIZACIÓN | |
| Ubicación | ES-MaACL |
| Número de control de estantería | L-32222 |
| Anotaciones manuscritas | Donat. herederos de la bibl. de Mª del Pilar Costa Palacín |
| 942 ## - ELEMENTOS DE ENTRADA SECUNDARIOS (KOHA) | |
| Fuente del sistema de clasificación o colocación | Clasificación decimal universal |
| Estatus retirado | Estado de pérdida | Estado de daño | No para préstamo | Biblioteca de origen | Biblioteca actual | Ubicación en estantería | Fecha de adquisición | Fuente de adquisición | Total de préstamos | Signatura topográfica completa | Código de barras | Visto por última vez | Precio de reemplazo | Tipo de ítem Koha |
|---|---|---|---|---|---|---|---|---|---|---|---|---|---|---|
| Biblioteca del Ateneo de Madrid | Biblioteca del Ateneo de Madrid | Depósito 2 | 07/08/2018 | L-32222 | 1199191 | 23/02/2023 | 23/02/2023 | Libro impreso |
